España y Vázquez de Mella / (Registro nro. 104260)

Detalles MARC
000 -LEADER
campo de control de longitud fija 00605nam a2200193 i 4500
001 - NÚMERO DE CONTROL
campo de control 104260
003 - IDENTIFICADOR DE NÚMERO DE CONTROL
campo de control ES-MaACL
005 - FECHA Y HORA DE LA ÚLTIMA TRANSACCIÓN
campo de control 20231227145138.0
007 - CAMPO FIJO DE DESCRIPCIÓN FÍSICA--INFORMACIÓN GENERAL
campo de control de longitud fija t|
008 - DATOS DE LONGITUD FIJA--INFORMACIÓN GENERAL
campo de control de longitud fija 051125s1978 sp ||||1| spa d
080 ## - NÚMERO DE LA CLASIFICACIÓN DECIMAL UNIVERSAL
Número de la Clasificación Decimal Universal 929 Vázquez de Mella, Juan:32
100 0# - ENTRADA PRINCIPAL--NOMBRE DE PERSONA
Nombre de persona Miguel López, Raimundo de.
9 (RLIN) 81026
245 10 - MENCIÓN DEL TÍTULO
Título España y Vázquez de Mella /
Mención de responsabilidad, etc. Raimundo de Miguel.
260 ## - PUBLICACIÓN, DISTRIBUCIÓN, ETC.
Lugar de publicación, distribución, etc. Sevilla :
Nombre del editor, distribuidor, etc. Editorial Católica,
Fecha de publicación, distribución, etc. 1978.
300 ## - DESCRIPCIÓN FÍSICA
Extensión 7 h. ;
Dimensiones 21 cm.
600 14 - PUNTO DE ACCESO ADICIONAL DE MATERIA--NOMBRE DE PERSONA
Nombre de persona Vázquez de Mella y Fanjul, Juan,
Fechas asociadas al nombre 1861-1928
9 (RLIN) 113419
852 ## - LOCALIZACIÓN
Ubicación ES-MaACL
Número de control de estantería 2108-F-17
Sublocalización o colección R.99239
Existencias
Estatus retirado Estado de pérdida Estado de daño No para préstamo Colección Biblioteca de origen Biblioteca actual Ubicación en estantería Fecha de adquisición Fuente de adquisición Total de préstamos Signatura topográfica completa Código de barras Visto por última vez Precio de reemplazo Tipo de ítem Koha
        Colección de folletos Biblioteca del Ateneo de Madrid Biblioteca del Ateneo de Madrid Depósito folletos 17/01/2008     2108-F-17 1108853 23/02/2023 23/02/2023 Folleto